|
|
|
|
| LEADER |
00000cam a2200000 a 4500 |
| 001 |
48461 |
| 005 |
20230308161933.0 |
| 008 |
002122|1965 ||||||||r|||||||||||spa|| |
| 040 |
|
|
|b spa
|
| 041 |
1 |
|
|a spa
|
| 082 |
0 |
|
|a 937
|
| 100 |
1 |
|
|a Mommsen, Theodor
|9 29971
|
| 245 |
1 |
1 |
|a Historia de Roma: de la fundación a la republica
|c Theodor Mommsen
|h imp
|
| 264 |
|
|
|a Madrid
|b Aguilar Ediciones
|c 1965
|
| 300 |
|
|
|a 1328 páginas:
|c 18.5 cm
|
| 650 |
1 |
|
|a Roma: historia antigua
|9 30415
|
| 650 |
1 |
|
|a Italia: primeras inmigraciones
|9 30416
|
| 650 |
1 |
|
|a Guerra de sicilia
|9 30417
|
| 852 |
|
|
|a UC-CDJBV
|c TERCER PISO
|f Donación
|k lucia.mora
|l 1
|m General
|p 20021227
|r 2
|t 48461
|b 0
|d CDRC
|e CDRC
|g 937 TERCER PISO
|z 2002-21-22
|
| 942 |
|
|
|c BK
|
| 999 |
|
|
|c 16286
|d 16286
|